[Event "Vladimir Dvorkovich Mem 2014"]
[Site "Taganrog RUS"]
[Date "2014.01.22"]
[Round "5.3"]
[White "Motylev,A"]
[Black "Maletin,P"]
[Result "1/2-1/2"]
[WhiteElo "2654"]
[BlackElo "2598"]

1.e4 c5 2.Nf3 e6 3.d4 cxd4 4.Nxd4 Nc6 5.Nc3 Qc7 6.Be3 a6 7.Be2 Nf6 8.O-O Be7
9.f4 d6 10.Qe1 O-O 11.Qg3 Nxd4 12.Bxd4 b5 13.a3 Bb7 14.Kh1 Rad8 15.Rae1 Rd7
16.Bd3 Re8 17.Re2 Qd8 18.Qh3 h6 19.Re3 Bf8 20.Rg3 Kh8 21.a4 bxa4 22.Nxa4 e5
23.fxe5 dxe5 24.Bb6 Qc8 25.Be3 Rd6 26.Nc5 Rxd3 27.Qxc8 Rxc8 28.Nxd3 Nxe4
29.Rgf3 f6 30.Rc1 Nd6 31.Rff1 Nc4 32.Bg1 e4 33.Nf4 Bd6 34.Ne2 Nxb2 35.Rb1 Ba3
36.c4 Rxc4 37.Rfc1 Rxc1 38.Rxc1 Nd3 39.Rc7 Bd5 40.Nc3 Bg8 41.Nxe4 Nf4 42.Rc8 Kh7
43.Be3 Nxg2 44.Nxf6+ gxf6 45.Kxg2 Be6 46.Rc7+ Kg6 47.Kg1 a5 48.Ra7  1/2-1/2

[Event "Vladimir Dvorkovich Mem 2014"]
[Site "Taganrog RUS"]
[Date "2014.01.23"]
[Round "6.5"]
[White "Grigoriants,S RUS"]
[Black "Motylev,A"]
[Result "1/2-1/2"]
[WhiteElo "2581"]
[BlackElo "2654"]

1.e4 e5 2.Nf3 Nc6 3.Bb5 Nf6 4.O-O Nxe4 5.Re1 Nd6 6.Nxe5 Be7 7.Bf1 Nxe5 8.Rxe5 O-O
9.d4 Bf6 10.Re1 Re8 11.c3 Rxe1 12.Qxe1 Ne8 13.Bf4 d5 14.Bd3 g6 15.Nd2 Ng7
16.Nf3 Bf5 17.Bxf5 Nxf5 18.Qe2 c6 19.Re1 Ng7 20.h3 Qd7 21.Ne5 Qf5 22.Qg4 Re8
23.Qxf5 Nxf5 24.Nd3 Rxe1+ 25.Nxe1 Be7 26.Nd3 Bd6 27.Bxd6 Nxd6 28.g4 f6 29.f3 Kf7
30.Kf2 Ke7 31.Kg3 g5 32.h4 h6 33.hxg5 hxg5 34.Kf2 Ke6 35.Ke3 Nc4+ 36.Ke2 Nd6
37.Nc5+ Ke7 38.Nd3 Kd7 39.Ke3 Nc4+ 40.Ke2 Nd6 41.Nc5+ Ke7 42.Nd3  1/2-1/2

[Event "Vladimir Dvorkovich Mem 2014"]
[Site "Taganrog RUS"]
[Date "2014.01.24"]
[Round "7.6"]
[White "Motylev,A"]
[Black "Kovchan,A"]
[Result "1-0"]
[WhiteElo "2654"]
[BlackElo "2554"]

1.e4 d6 2.d4 Nf6 3.Nc3 e5 4.Nf3 exd4 5.Nxd4 Be7 6.g3 O-O 7.Bg2 Nc6 8.Nde2 Re8
9.O-O Bf8 10.h3 Rb8 11.g4 b5 12.Ng3 b4 13.Nd5 Nxd5 14.exd5 Ne5 15.f4 Nd7
16.g5 Ba6 17.Rf2 Qe7 18.Bd2 Nb6 19.a3 bxa3 20.b3 Bb7 21.c4 a5 22.Bxa5 Qe3
23.Nf1 Qc5 24.Qd2 Bc8 25.Bc3 Nd7 26.Bd4 Qb4 27.Qxb4 Rxb4 28.Rxa3 g6 29.Ng3 Bg7
30.Bxg7 Kxg7 31.Re2 Rh8 32.f5 gxf5 33.Nxf5+ Kg6 34.Ne7+ Kxg5 35.Nc6 Rb6 36.b4 Rf8
37.Rg3+ Kh6 38.Re4  1-0

[Event "Vladimir Dvorkovich Mem 2014"]
[Site "Taganrog RUS"]
[Date "2014.01.25"]
[Round "8.2"]
[White "Motylev,A"]
[Black "Shomoev,A"]
[Result "1-0"]
[WhiteElo "2654"]
[BlackElo "2560"]

1.e4 c5 2.Nf3 d6 3.d4 cxd4 4.Nxd4 Nf6 5.Nc3 a6 6.h3 e6 7.g4 b5 8.Bg2 Bb7
9.O-O Nfd7 10.Re1 h5 11.g5 Nc6 12.a4 b4 13.Nxc6 Bxc6 14.Nd5 a5 15.c3 bxc3
16.Ra3 cxb2 17.Bxb2 Rb8 18.Bc3 Bxd5 19.exd5 e5 20.h4 Be7 21.Rb3 Rxb3 22.Qxb3 O-O
23.Qb5 Qc8 24.Bxa5 Nc5 25.Bb6 Qg4 26.Bxc5 dxc5 27.Qb7 Bd8 28.Re4 Qd1+ 29.Bf1 Qf3
30.Qb1 f5 31.Rxe5 Bc7 32.Re7 Bh2+ 33.Kxh2 Qxf2+ 34.Bg2 Qxh4+ 35.Bh3 Qf4+
36.Kh1 Qxg5 37.Qe1 c4 38.d6 Qf4 39.d7 Qd6 40.Qe6+ Qxe6 41.Rxe6 Kf7 42.Bxf5 c3
43.Re8  1-0

[Event "Vladimir Dvorkovich Mem 2014"]
[Site "Taganrog RUS"]
[Date "2014.01.26"]
[Round "9.1"]
[White "Khismatullin,D"]
[Black "Motylev,A"]
[Result "1/2-1/2"]
[WhiteElo "2674"]
[BlackElo "2654"]

1.c4 c6 2.Nf3 d5 3.d4 Nf6 4.cxd5 cxd5 5.Nc3 Nc6 6.Bf4 Nh5 7.Bd2 Nf6 8.Bf4 Nh5
9.Bd2 Nf6 10.Bf4 Nh5  1/2-1/2

[Event "15th ch-EUR Indiv 2014"]
[Site "Yerevan ARM"]
[Date "2014.03.03"]
[Round "1.33"]
[White "Ali Marandi,C"]
[Black "Motylev,A"]
[Result "1/2-1/2"]
[WhiteElo "2380"]
[BlackElo "2656"]

1.e4 c5 2.Nf3 d6 3.d4 cxd4 4.Nxd4 Nf6 5.Nc3 a6 6.f3 Qb6 7.a4 e6 8.a5 Qc7
9.Be3 Be7 10.Be2 O-O 11.O-O Nbd7 12.f4 b5 13.axb6 Nxb6 14.Bd3 Nc4 15.Bxc4 Qxc4
16.e5 dxe5 17.fxe5 Nd5 18.Nxd5 Qxd5 19.Nf5 Bd8 20.Qxd5 exd5 21.Bc5 Bxf5 22.Rxf5 Re8
23.Bd4 Rc8 24.c3 a5 25.Raf1 Rc7 26.Bb6 Rb7 27.Bd4 Re6 28.R5f2 Kf8 29.Rd2 Ke8
30.Rfd1 Bc7 31.Bf2 Rb5 32.Rxd5 Rxd5 33.Rxd5 Rxe5 34.Rd2 Rb5 35.g3 f5 36.Kf1 g6
37.Ke2 h5 38.Be3 Re5 39.Kf3 Re4 40.b3 Bd8 41.Rd6 g5 42.Rd5 g4+ 43.Kf2 a4
44.bxa4 Rxa4 45.Rxf5 h4 46.gxh4 Bxh4+ 47.Kg1 Ra1+ 48.Rf1 Ra2 49.Rf4 Ra1+
50.Kg2 Ra2+ 51.Kg1 Ra1+ 52.Kg2 Ra2+ 53.Kg1  1/2-1/2

[Event "15th ch-EUR Indiv 2014"]
[Site "Yerevan ARM"]
[Date "2014.03.04"]
[Round "2.57"]
[White "Motylev,A"]
[Black "Tari,A"]
[Result "1-0"]
[WhiteElo "2656"]
[BlackElo "2424"]

1.e4 c5 2.Nf3 d6 3.d4 cxd4 4.Nxd4 Nf6 5.Nc3 a6 6.Be3 e5 7.Nb3 Be6 8.h3 Be7
9.Qf3 O-O 10.O-O-O b5 11.g4 b4 12.Nd5 Nxd5 13.exd5 Bc8 14.Bd3 a5 15.Kb1 a4
16.Nd2 Ba6 17.Bf5 Nd7 18.h4 Qc7 19.Bg5 Nc5 20.Ne4 Nxe4 21.Bxe4 Rfb8 22.Bc1 Bc4
23.h5 Bf8 24.Qf5 g6 25.hxg6 hxg6 26.Qf3 b3 27.cxb3 Rxb3 28.axb3 axb3 29.Bd2 Qa7
30.Kc1 Qa1+ 31.Bb1 Bxd5 32.Qxd5 Rc8+ 33.Bc3 Rxc3+ 34.Kd2 Qxb2+ 35.Ke1 Rc2
36.Rh2 Qc3+ 37.Kf1 b2 38.Kg2 Be7 39.Bxc2  1-0

[Event "15th ch-EUR Indiv 2014"]
[Site "Yerevan ARM"]
[Date "2014.03.05"]
[Round "3.35"]
[White "Yilmaz,M"]
[Black "Motylev,A"]
[Result "0-1"]
[WhiteElo "2557"]
[BlackElo "2656"]

1.d4 f5 2.g3 Nf6 3.Bg2 g6 4.Nf3 Bg7 5.c4 O-O 6.O-O d6 7.Nc3 c6 8.b3 Na6 9.Bb2 Qc7
10.d5 e5 11.dxe6 Bxe6 12.Ng5 Bd7 13.Qd2 Rad8 14.Rfd1 Bc8 15.Rac1 Qe7 16.e3 Nc5
17.b4 h6 18.Nh3 Nce4 19.Nxe4 fxe4 20.Nf4 Bf5 21.h3 g5 22.Ne2 h5 23.b5 Qd7
24.bxc6 bxc6 25.Kh2 Rf7 26.Bc3 Qc8 27.Ba5 Rdf8 28.Qxd6 h4 29.Qd8 Bxh3 30.Bxh3 Ng4+
31.Kg1 Qf5 32.Bxg4 Qxg4 33.Nf4 hxg3 34.fxg3 Qxg3+ 35.Ng2 Rf2  0-1

[Event "15th ch-EUR Indiv 2014"]
[Site "Yerevan ARM"]
[Date "2014.03.06"]
[Round "4.18"]
[White "Motylev,A"]
[Black "Kovalev,Vl"]
[Result "1-0"]
[WhiteElo "2656"]
[BlackElo "2548"]

1.e4 e5 2.Nf3 Nc6 3.Bb5 Nf6 4.O-O Nxe4 5.d4 Nd6 6.Bxc6 dxc6 7.dxe5 Nf5 8.Qxd8+ Kxd8
9.h3 Ke8 10.Nc3 h5 11.Rd1 Be7 12.Ne2 Be6 13.Nf4 Bc8 14.e6 Bf6 15.exf7+ Kxf7
16.Nd3 Re8 17.Bf4 Nd6 18.c3 a5 19.Re1 Rxe1+ 20.Rxe1 a4 21.g4 hxg4 22.hxg4 Nc4
23.g5 Bg4 24.Kg2 Rd8 25.Nc5 Be7 26.g6+ Kf8 27.Nxb7 Rd3 28.Nd4 Nxb2 29.Bxc7 Rxc3
30.Bd6 Bxd6 31.Nxd6 Bd7 32.N4f5 Nc4 33.Rh1 Be6 34.Rh8+ Bg8 35.Ne4  1-0

[Event "15th ch-EUR Indiv 2014"]
[Site "Yerevan ARM"]
[Date "2014.03.07"]
[Round "5.3"]
[White "Artemiev,V"]
[Black "Motylev,A"]
[Result "0-1"]
[WhiteElo "2621"]
[BlackElo "2656"]

1.Nf3 d5 2.g3 Bg4 3.Bg2 c6 4.O-O e6 5.c4 Nf6 6.d3 dxc4 7.dxc4 Nbd7 8.Nc3 Qa5
9.h3 Bxf3 10.exf3 Be7 11.Bd2 Qc7 12.Qe2 O-O 13.f4 Rfe8 14.g4 Nf8 15.g5 N6d7
16.Ne4 Ng6 17.Qg4 Nc5 18.Nxc5 Bxc5 19.Be4 Rad8 20.Rad1 Rd4 21.Bxg6 hxg6 22.b3 e5
23.Be3 Rxd1 24.Rxd1 Bxe3 25.fxe3 exf4 26.Qxf4 Qe7 27.Kf2 b5 28.Rd6 bxc4 29.bxc4 Qb7
30.Rd2 c5 31.Qf3 Qb4 32.Qd5 Qc3 33.Rd3 Qa1 34.Qxc5 Qxa2+ 35.Kg3 Qa1 36.Qd5 Qe1+
37.Kf3 Qg1 38.Qd4 Qxg5 39.c5 Kh7 40.h4 Qf5+ 41.Ke2 Re4 42.Qd7 Qh5+ 43.Kd2 Qxc5
44.Qxf7 Rxh4 45.Qf2 Qa5+ 46.Rc3 Qd5+  0-1

[Event "15th ch-EUR Indiv 2014"]
[Site "Yerevan ARM"]
[Date "2014.03.08"]
[Round "6.1"]
[White "Motylev,A"]
[Black "Riazantsev,A"]
[Result "1-0"]
[WhiteElo "2656"]
[BlackElo "2689"]

1.e4 c6 2.Nc3 d5 3.Nf3 Bg4 4.h3 Bxf3 5.Qxf3 e6 6.d3 Nf6 7.Bd2 Bd6 8.g4 Bb4
9.a3 Ba5 10.g5 Nfd7 11.d4 O-O 12.O-O-O e5 13.dxe5 d4 14.Ne2 Bxd2+ 15.Rxd2 Qxg5
16.Nxd4 Qxe5 17.Nf5 Nf6 18.Qg2 g6 19.Qg5 Re8 20.f3 Kh8 21.Rg1 Ng8 22.Nd6 Qxg5
23.Rxg5 Re7 24.Re5 Rc7 25.Re8 b5 26.Nf5  1-0

[Event "15th ch-EUR Indiv 2014"]
[Site "Yerevan ARM"]
[Date "2014.03.10"]
[Round "7.1"]
[White "Wojtaszek,R"]
[Black "Motylev,A"]
[Result "1/2-1/2"]
[WhiteElo "2713"]
[BlackElo "2656"]

1.d4 d5 2.c4 c6 3.Nf3 Nf6 4.Nc3 e6 5.e3 Nbd7 6.Bd3 dxc4 7.Bxc4 b5 8.Bd3 b4
9.Ne4 Nxe4 10.Bxe4 Bb7 11.O-O Bd6 12.a3 bxa3 13.Nd2 axb2 14.Bxb2 O-O 15.Bf3 Qc7
16.Nc4 Bb4 17.Qb3 a5 18.Bc3 Bxc3 19.Qxc3 c5 20.Bxb7 Qxb7 21.Nxa5 Qd5 22.dxc5 Qxc5
23.Qxc5 Nxc5 24.Nc4 g6 25.g3 Rfd8 26.Ne5 Rxa1 27.Rxa1 Rd5 28.Nf3 Ne4 29.Ra4 Nf6
30.Kg2 Kg7 31.Rd4 Rxd4 32.Nxd4 h5 33.h3 Ne4 34.Kf3 Ng5+ 35.Kg2 Ne4 36.Kf3 Ng5+
37.Kg2 Ne4 38.Kf3  1/2-1/2

[Event "15th ch-EUR Indiv 2014"]
[Site "Yerevan ARM"]
[Date "2014.03.11"]
[Round "8.1"]
[White "Motylev,A"]
[Black "Eljanov,P"]
[Result "1-0"]
[WhiteElo "2656"]
[BlackElo "2723"]

1.e4 c5 2.Nc3 e6 3.Nf3 Nc6 4.d4 cxd4 5.Nxd4 Qc7 6.Be3 a6 7.Qd2 Nf6 8.O-O-O Be7
9.f3 b5 10.Kb1 h5 11.Nxc6 dxc6 12.e5 Nd5 13.Nxd5 cxd5 14.f4 Bd7 15.g3 Rc8
16.Bg2 a5 17.Bd4 b4 18.f5 exf5 19.e6 fxe6 20.Bxg7 Rg8 21.Bd4 a4 22.Bf3 a3
23.Rhe1 Qc6 24.Qe2 Rg4 25.Bxg4 hxg4 26.b3 Bc5 27.c3 bxc3 28.Bxc3 Bf2 29.Qxf2 Qxc3
30.Rxd5 Ke7 31.Qd2 Qxd2 32.Rxd2 Bc6 33.Rc2 Kd6 34.Rd1+ Ke7 35.Kc1 e5 36.b4 f4
37.b5 Bb7 38.Rxc8 Bxc8 39.Rd3 f3 40.Kd2 Bd7 41.b6  1-0

[Event "15th ch-EUR Indiv 2014"]
[Site "Yerevan ARM"]
[Date "2014.03.12"]
[Round "9.1"]
[White "Moiseenko,A1"]
[Black "Motylev,A"]
[Result "1/2-1/2"]
[WhiteElo "2712"]
[BlackElo "2656"]

1.d4 d5 2.c4 c6 3.Nf3 Nf6 4.Nc3 e6 5.Qd3 Nbd7 6.e4 dxe4 7.Nxe4 Nxe4 8.Qxe4 Bb4+
9.Bd2 Bxd2+ 10.Nxd2 c5 11.dxc5 Qf6 12.Rb1 Nxc5 13.Qe3 Nd7 14.Be2 b6 15.Bf3 Rb8
16.O-O O-O 17.Qa3 Ne5 18.Qxa7 Nxf3+ 19.Nxf3 Bb7 20.Qa3 Ra8 21.Qb3 Bxf3 22.Qxf3 Qxf3
23.gxf3 Rxa2 24.Rfd1 g6 25.b3 Rc8 26.Ra1 Rb2 27.Rab1 Ra2 28.Ra1 Rb2 29.Rab1 Ra2  1/2-1/2

[Event "15th ch-EUR Indiv 2014"]
[Site "Yerevan ARM"]
[Date "2014.03.13"]
[Round "10.1"]
[White "Motylev,A"]
[Black "Smirin,I"]
[Result "1-0"]
[WhiteElo "2656"]
[BlackElo "2644"]

1.e4 c5 2.Nf3 e6 3.d4 cxd4 4.Nxd4 a6 5.Bd3 Bc5 6.Nb3 Ba7 7.O-O Nc6 8.Qe2 d6
9.Be3 e5 10.c4 Nf6 11.Bxa7 Rxa7 12.Nc3 Be6 13.Qe3 b6 14.Rfd1 Nd7 15.Be2 Nc5
16.f4 f6 17.Qd2 Rd7 18.Bh5+ Kf8 19.Be2 h6 20.Rf1 Kg8 21.Qe3 Kh7 22.Nd5 a5
23.Bh5 Nxb3 24.axb3 Nd4 25.Rad1 Rf8 26.Qg3 Kh8 27.Bg4 Bxd5 28.exd5 Re7 29.fxe5 fxe5
30.Bh5 Rf6 31.Rf2 b5 32.Rdf1 Rxf2 33.Qxf2 Rb7 34.Bg6 Qf6 35.Qxf6 gxf6 36.Rxf6 bxc4
37.bxc4 Rb4 38.Rxd6 Rxc4 39.Ra6 Kg7 40.d6 Kf6 41.d7+ Ke7 42.Rxa5 Kxd7 43.Rxe5 Rb4
44.Re4 Kd6 45.Bf7 Kc5 46.b3 Rb6 47.Bc4 Rd6 48.Re5+ Kc6 49.Kf2 Rf6+ 50.Kg3  1-0

[Event "15th ch-EUR Indiv 2014"]
[Site "Yerevan ARM"]
[Date "2014.03.14"]
[Round "11.1"]
[White "Navara,D"]
[Black "Motylev,A"]
[Result "1/2-1/2"]
[WhiteElo "2700"]
[BlackElo "2656"]

1.d4 d5 2.c4 c6 3.Nf3 Nf6 4.Nc3 e6 5.Bg5 h6 6.Bxf6 Qxf6 7.Qb3 dxc4 8.Qxc4 Nd7
9.Rd1 Be7 10.g3 O-O 11.Bh3 Qg6 12.O-O Qc2 13.Rd2 Nb6 14.Rxc2 Nxc4 15.Ne4 Nb6
16.Ne5 Rd8 17.e3 Nd7 18.f4 Nxe5 19.fxe5 Bd7 20.Nc5 Bxc5 21.Rxc5 a5 22.Rfc1 Be8
23.R5c3 Ra7 24.Bg2 Kf8 25.g4 Ke7 26.Kf2 f6 27.Rc5 b6 28.exf6+ gxf6 29.R5c2 c5
30.dxc5 bxc5 31.Be4 a4 32.Kf3 Rb8 33.Rd2 Rd7 34.Rdc2 Rc7 35.b3 axb3 36.axb3 h5
37.h3 Rxb3 38.Rxc5 Rxc5 39.Rxc5 hxg4+ 40.hxg4 Kd6  1/2-1/2

[Event "Bundesliga 2013-14"]
[Site "Eppingen GER"]
[Date "2014.04.04"]
[Round "13"]
[White "Motylev,A"]
[Black "Appel,R"]
[Result "1-0"]
[WhiteElo "2676"]
[BlackElo "2535"]

1.e4 Nf6 2.e5 Nd5 3.d4 d6 4.Nf3 Bg4 5.Be2 e6 6.O-O Be7 7.c4 Nb6 8.h3 Bh5
9.Nc3 O-O 10.Be3 d5 11.c5 Bxf3 12.gxf3 Nc8 13.f4 Nc6 14.Kh2 Bxc5 15.dxc5 d4
16.Ne4 dxe3 17.fxe3 Qxd1 18.Raxd1 N8e7 19.Kg2 Rfd8 20.Kf2 Kf8 21.Nc3 Nb4
22.a3 Nbd5 23.Nb5 a6 24.Nd4 b6 25.c6 b5 26.Bg4 Nb6 27.b3 g6 28.e4 Ke8 29.Ke3 Rab8
30.h4 Nbc8 31.Rc1 Rb6 32.Rc5 Na7 33.Rfc1 h6 34.h5 gxh5 35.Bxh5 Kf8 36.f5 exf5
37.exf5 Rxd4 38.Kxd4 Nxf5+ 39.Kd3 Rb8 40.Rf1 Rd8+ 41.Kc3 Ng3 42.Rxf7+ Kg8
43.Rd7 Ne4+ 44.Kd4  1-0

[Event "Bundesliga 2013-14"]
[Site "Eppingen GER"]
[Date "2014.04.05"]
[Round "14"]
[White "L'Ami,E"]
[Black "Motylev,A"]
[Result "1/2-1/2"]
[WhiteElo "2645"]
[BlackElo "2676"]

1.d4 d5 2.c4 c6 3.Nf3 Nf6 4.Nc3 e6 5.e3 Nbd7 6.Bd3 dxc4 7.Bxc4 b5 8.Bd3 b4
9.Ne4 Nxe4 10.Bxe4 Bb7 11.O-O Bd6 12.b3 Nf6 13.Bd3 c5 14.Bb5+ Ke7 15.dxc5 Bxc5
16.Qe2 Qb8 17.Ba6 Bxa6 18.Qxa6 Qd6 19.Qe2 a5 20.Bb2 Qa6 21.Qxa6 Rxa6 22.Rac1 Bd6
23.Nd2 Bb8 24.Rc5 Rd8 25.Nc4 Rd5 26.Rc8 Rd8 27.Rc5 Rd5 28.Rc8 Rd8 29.Rxd8 Kxd8
30.Rd1+ Ke7 31.Bxf6+ gxf6 32.f4  1/2-1/2

[Event "21st TCh-RUS 2014"]
[Site "Loo RUS"]
[Date "2014.04.08"]
[Round "2.1"]
[White "Motylev,A"]
[Black "Najer,E"]
[Result "0-1"]
[WhiteElo "2685"]
[BlackElo "2655"]

1.e4 e5 2.Nf3 Nc6 3.Bb5 a6 4.Ba4 Nf6 5.O-O Be7 6.d3 b5 7.Bb3 O-O 8.Nc3 d6
9.a3 Na5 10.Ba2 c5 11.b4 Nc6 12.Nd5 Nd4 13.bxc5 Nxd5 14.Bxd5 Bg4 15.Bxa8 Qxa8
16.cxd6 Bxd6 17.Bb2 Nxf3+ 18.gxf3 Bh5 19.d4 Qc8 20.Kg2 f5 21.dxe5 fxe4 22.Qd5+ Rf7
23.e6 Bxf3+ 24.Kg1 Re7 25.Qxd6 Rxe6 26.Qd5 h6 27.Rfd1 Kh7 28.Kf1 Rg6 29.Ke1 Qxc2  0-1

[Event "21st TCh-RUS 2014"]
[Site "Loo RUS"]
[Date "2014.04.11"]
[Round "5.2"]
[White "Motylev,A"]
[Black "Pridorozhni,A"]
[Result "1-0"]
[WhiteElo "2685"]
[BlackElo "2519"]

1.e4 c5 2.Nf3 Nc6 3.d4 cxd4 4.Nxd4 Qb6 5.Nb3 Nf6 6.Nc3 e6 7.Bd3 Be7 8.O-O d6
9.Kh1 a6 10.a4 Qc7 11.a5 Bd7 12.Be3 Nb4 13.Qd2 Rc8 14.f3 d5 15.e5 Qxe5 16.Bf4 Qh5
17.g4 Qh3 18.Ne2 Nxd3 19.cxd3 Nxg4 20.Ng1 Qh5 21.fxg4 Qxg4 22.Rf3 d4 23.Nxd4 Bf6
24.Rg3 Qh5 25.Ndf3 Bc6 26.h3 Rd8 27.Kh2 Qf5 28.d4 O-O 29.Re1 Rd5 30.Be5 Rfd8
31.Qh6 g6 32.Re2 Bxe5 33.dxe5 Rd3 34.Qg5 Qxg5 35.Nxg5 Rxg3 36.Kxg3 Rd3+ 37.N1f3 Kg7
38.Ne4 Rd5 39.b4 Rd3 40.Kf2 h6 41.Re3 Rd1 42.Nc3 Rd8 43.Ne2 Rd1 44.Nc3 Rd8
45.h4 Rd7 46.Ke2 Rd8 47.Ne4 Rd5 48.Nc5 Rd8 49.Rc3 Rd5 50.Rc1 Kf8 51.Ke3 Ke7
52.Nxa6 Rb5 53.Rc5 Rxc5 54.Nxc5 f6 55.Nd4 Bd5 56.exf6+ Kxf6 57.b5 e5 58.Nc6 Be4
59.Kxe4  1-0

[Event "21st TCh-RUS 2014"]
[Site "Loo RUS"]
[Date "2014.04.13"]
[Round "7.2"]
[White "Motylev,A"]
[Black "Pogromsky,M"]
[Result "1-0"]
[WhiteElo "2685"]
[BlackElo "2418"]

1.e4 c5 2.Nf3 Nc6 3.Bb5 d6 4.O-O Bd7 5.Re1 Nf6 6.h3 a6 7.Bf1 e6 8.c3 Be7
9.d4 cxd4 10.cxd4 d5 11.e5 Ne4 12.Nbd2 Nxd2 13.Bxd2 Qb6 14.Bc3 O-O 15.Bd3 f5
16.exf6 gxf6 17.Re3 Rf7 18.Qe2 Nd8 19.Nh2 Bb5 20.Rg3+ Rg7 21.Rxg7+ Kxg7 22.Qg4+ Kh8
23.Qh5 Bxd3 24.Qe8+ Kg7 25.Qxe7+ Nf7 26.Ng4 Qd8 27.Qxe6 Ng5 28.Qe3 Bf5 29.Re1 Bxg4
30.hxg4 Qf8 31.f3 Kf7 32.Bd2 Qd6 33.Qd3 Kg7 34.Bxg5 fxg5 35.Qf5  1-0

[Event "Vugar Gashimov Mem B 2014"]
[Site "Shamkir AZE"]
[Date "2014.04.20"]
[Round "1.3"]
[White "Motylev,A"]
[Black "Abasov,N"]
[Result "1/2-1/2"]
[WhiteElo "2685"]
[BlackElo "2516"]

1.e4 e5 2.Nf3 Nc6 3.Bb5 Nf6 4.d3 Bc5 5.Nbd2 Nd4 6.Nxd4 Bxd4 7.c3 Bb6 8.d4 Qe7
9.O-O O-O 10.a4 c6 11.Bd3 d5 12.exd5 exd4 13.dxc6 dxc3 14.bxc3 Rd8 15.Ba3 Qc7
16.Qc2 bxc6 17.a5 Bxa5 18.Nc4 Rd5 19.Nxa5 Rh5 20.g3 Qxa5 21.Be7 Qd5 22.Rfd1 Bf5
23.Bxf5 Qxf5 24.Rxa7 Re8 25.Qxf5 Rxf5 26.c4 h5 27.f4 Kh7 28.Rd8 Rxd8 29.Bxd8 Ne4
30.Be7 Nd2 31.Ra4 Nb3 32.Bb4 Rf6 33.Ra3 Nd4 34.Bc5 Nf5 35.Kg2 Re6 36.Kf3 Nd6
37.Bxd6 Rxd6 38.Ke3 Kg6 39.Ra5 f5 40.Re5 Kf6 41.Ra5 g5 42.fxg5+ Kxg5 43.h3 Re6+
44.Kf3 Re4 45.Rc5 Re6 46.g4 hxg4+ 47.hxg4 Rf6 48.Re5 Kg6 49.gxf5+ Rxf5+ 50.Ke4 Rf1
51.Kd4 Kf6 52.Re8 Kf7 53.Re2 Rf5 54.Re5 Rf4+ 55.Kc5 Rh4 56.Re2 Rg4 57.Re3 Rh4
58.Re1 Rg4 59.Re5 Rh4 60.Re2 Rg4 61.Rc2 Ke7 62.Kb6 c5 63.Kxc5 Kd7 64.Kb6 Kc8
65.c5 Rb4+ 66.Kc6 Rb7 67.Rh2 Rc7+ 68.Kb5 Rb7+ 69.Kc4 Rg7 70.Rh6 Kb7 71.Kb5 Kc7
72.Ra6 Rg1 73.Ra7+ Kb8 74.Rd7 Kc8 75.Rh7 Rg6  1/2-1/2

[Event "Vugar Gashimov Mem B 2014"]
[Site "Shamkir AZE"]
[Date "2014.04.21"]
[Round "2.1"]
[White "Mamedov,Rau"]
[Black "Motylev,A"]
[Result "0-1"]
[WhiteElo "2660"]
[BlackElo "2685"]

1.e4 c5 2.Nf3 d6 3.Nc3 a6 4.d4 cxd4 5.Nxd4 Nf6 6.a4 Nc6 7.Be2 e5 8.Nb3 Be6
9.O-O Be7 10.Bg5 Rc8 11.Bxf6 Bxf6 12.Nd5 Bxd5 13.exd5 Ne7 14.Nd2 Bg5 15.Ne4 Bh6
16.c4 f5 17.Nc3 O-O 18.Qb3 Ng6 19.Qxb7 Bd2 20.c5 Rxc5 21.Qxa6 e4 22.Rad1 Bxc3
23.bxc3 Nf4 24.Rfe1 Qg5 25.g3 Nh3+ 26.Kg2 Qh6 27.Rf1 Rxc3 28.Qb6 Rc2 29.Rde1 Ng5
30.h4 f4 31.Bd1 fxg3 32.Kxg3 Rc3+ 33.Re3 Nf3 34.Rh1 Qf4+ 35.Kh3 Qxh4+ 36.Kg2 Qg4+
37.Kf1 Rc1  0-1

[Event "Vugar Gashimov Mem B 2014"]
[Site "Shamkir AZE"]
[Date "2014.04.22"]
[Round "3.2"]
[White "Motylev,A"]
[Black "Wojtaszek,R"]
[Result "0-1"]
[WhiteElo "2685"]
[BlackElo "2716"]

1.e4 c5 2.Nf3 d6 3.Bb5+ Nd7 4.O-O a6 5.Bd3 g6 6.Re1 Bg7 7.c3 Ne5 8.Be2 Nxf3+
9.Bxf3 e5 10.d4 cxd4 11.cxd4 exd4 12.Na3 Ne7 13.e5 dxe5 14.Nc4 Nc6 15.Bxc6+ bxc6
16.Nxe5 Be6 17.Nxc6 Qb6 18.Ne5 O-O 19.b3 Rfd8 20.Bb2 Rac8 21.Rc1 Rc5 22.Rxc5 Qxc5
23.Nd3 Qb5 24.Qd2 Bf5 25.Rd1 h5 26.h3 Kh7 27.Bc1 Re8 28.Nf4 Rc8 29.Qe2 Qxe2
30.Nxe2 Bc2 31.Rd2 d3 32.Nf4 Bc3 33.Rxc2 dxc2 34.Nd5 Re8  0-1

[Event "Vugar Gashimov Mem B 2014"]
[Site "Shamkir AZE"]
[Date "2014.04.23"]
[Round "4.5"]
[White "Eljanov,P"]
[Black "Motylev,A"]
[Result "1/2-1/2"]
[WhiteElo "2732"]
[BlackElo "2685"]

1.d4 d5 2.c4 c6 3.Nf3 Nf6 4.Qb3 dxc4 5.Qxc4 Bf5 6.g3 e6 7.Bg2 Nbd7 8.O-O Be7
9.Nbd2 O-O 10.Qb3 Nb6 11.a4 a5 12.Rd1 Nfd7 13.e4 Bg6 14.Qe3 f5 15.Qb3 Kh8
16.exf5 Bxf5 17.Nc4 Bg4 18.Nxb6 Qxb6 19.Rd3 Bb4 20.Bf4 Rad8 21.Ng5 Rde8 22.h3 Bf5
23.Rdd1 Qd8 24.Ne4 Qe7 25.Bd2 Bxd2 26.Rxd2 Bxe4 27.Bxe4 Qg5 28.Rad1 Nf6 29.Bg2 Rf7
30.Re2 Nd5 31.h4 Qf6 32.Bxd5 cxd5 33.Qb5 Qd8 34.Rde1 Rfe7 35.Rc1 e5 36.Rxe5 Rxe5
37.dxe5 Rxe5 38.Qxb7 Re8 39.Rc5 d4 40.Rd5 Qf6 41.Qd7 Rf8 42.f4 Qg6 43.Rg5 Qb1+
44.Kh2 Qxb2+ 45.Kh3 Rg8 46.Rxa5 Qa1 47.Qd5 Qf1+ 48.Qg2 Qc4 49.Qe4 Rd8 50.h5 h6
51.Kh4 Qf7 52.Rf5  1/2-1/2

[Event "Vugar Gashimov Mem B 2014"]
[Site "Shamkir AZE"]
[Date "2014.04.24"]
[Round "5.5"]
[White "Motylev,A"]
[Black "Durarbayli,V"]
[Result "1/2-1/2"]
[WhiteElo "2685"]
[BlackElo "2584"]

1.e4 e5 2.Nf3 Nc6 3.Bb5 a6 4.Ba4 Nf6 5.O-O Be7 6.Re1 b5 7.Bb3 O-O 8.a4 b4
9.d4 d6 10.dxe5 dxe5 11.Nbd2 Bc5 12.a5 Bb7 13.Qe2 Nd4 14.Nxd4 Bxd4 15.Qf3 Kh8
16.c3 Ba7 17.Bc2 Ne8 18.Qh3 Rb8 19.Nc4 b3 20.Bd3 f6 21.Bf1 Nd6 22.Nxd6 Qxd6
23.Be3 Bxe3 24.Qxe3 Rfd8 25.f3 Qc6 26.Red1 h6 27.Be2 Kh7 28.Kf2 Ra8 29.Rd2 Rdb8
30.Rd5 Qe8 31.Rd2 Qc6 32.Rd5 Qe8 33.Rd2  1/2-1/2

[Event "Vugar Gashimov Mem B 2014"]
[Site "Shamkir AZE"]
[Date "2014.04.26"]
[Round "6.5"]
[White "Motylev,A"]
[Black "Safarli,E"]
[Result "1-0"]
[WhiteElo "2685"]
[BlackElo "2656"]

1.e4 c5 2.Nf3 e6 3.d4 cxd4 4.Nxd4 Nc6 5.Nc3 Qc7 6.Be3 a6 7.a3 b5 8.Nxc6 dxc6
9.Qg4 Nf6 10.Qg3 Qxg3 11.hxg3 Ng4 12.Bd2 e5 13.a4 Bb7 14.Bd3 Nf6 15.Ke2 Bd6
16.Nd1 Nd7 17.Ne3 g6 18.b4 Nb6 19.a5 Nd7 20.c4 Nf8 21.c5 Bc7 22.Bc3 Ke7 23.Rh6 Rd8
24.Rah1 Bc8 25.R1h4 Ne6 26.Rxh7 Rxh7 27.Rxh7 Nd4+ 28.Bxd4 Rxd4 29.Nc2 Rd8
30.Kd2 Be6 31.Kc3 Kf6 32.Ne1 Bg4 33.Bc2 Be6 34.Bd3 Bg4 35.Nf3 Be6 36.Bc2 Bc4
37.g4 Ke7 38.Ne1 Be6 39.f3 Rd4 40.Bd3 Rd8 41.g3 Kf6 42.Ng2 Kg5 43.Ne3 Kf6
44.Nd1 Bb3 45.Nf2 Ba2 46.Be2 Be6 47.Nh3 Rd4 48.g5+ Ke7 49.Nf4 exf4 50.Kxd4 fxg3
51.Bf1 Bf4 52.Rh8 Bd2 53.Ra8 Bxb4 54.Rxa6 Kd7 55.Ra7+ Kc8 56.a6 Kb8 57.Rb7+ Ka8
58.Rc7 Ba5 59.Rxc6 Ka7 60.Ke3 b4 61.f4 b3 62.Rxe6 fxe6 63.Kf3 Bd2 64.Kxg3 e5
65.f5 gxf5 66.g6 fxe4 67.g7 b2 68.g8=Q Be1+ 69.Kg4 b1=Q 70.Qf7+ Kb8 71.Qe8+ Ka7
72.Qd7+ Ka8 73.Bb5  1-0

[Event "Vugar Gashimov Mem B 2014"]
[Site "Shamkir AZE"]
[Date "2014.04.28"]
[Round "8.4"]
[White "Motylev,A"]
[Black "Bacrot,E"]
[Result "1-0"]
[WhiteElo "2685"]
[BlackElo "2722"]

1.e4 e5 2.Nf3 Nc6 3.Bb5 Nf6 4.O-O Nxe4 5.d4 Nd6 6.Bxc6 dxc6 7.dxe5 Nf5 8.Qxd8+ Kxd8
9.h3 Ke8 10.Nc3 h5 11.Bf4 Be7 12.Rad1 Be6 13.Ng5 Rh6 14.Rfe1 h4 15.Re4 Rd8
16.Rxd8+ Bxd8 17.Ra4 a6 18.Nce4 Bc8 19.Nf3 Rh8 20.Bg5 Bxg5 21.Nexg5 Ke7 22.Rf4 c5
23.Kh2 b6 24.g4 hxg3+ 25.fxg3 Nh6 26.Re4 Bb7 27.Re2 a5 28.Nh4 Rd8 29.g4 Ba6
30.Rf2 Bc8 31.Kg3 Rd5 32.Ngf3 Rd1 33.a3 Ke8 34.Ng2 Rb1 35.c3 Ng8 36.Nf4 Bb7
37.Nh5 g6 38.Nf6+ Nxf6 39.exf6 Bxf3 40.Kxf3 Kd7 41.Kf4 Ke6 42.Kg5 Re1 43.Kh6 Re3
44.Kg7 g5 45.c4 a4 46.Rd2  1-0

[Event "Vugar Gashimov Mem B 2014"]
[Site "Shamkir AZE"]
[Date "2014.04.29"]
[Round "9.2"]
[White "Guseinov,G"]
[Black "Motylev,A"]
[Result "0-1"]
[WhiteElo "2621"]
[BlackElo "2685"]

1.e4 c5 2.Nc3 d6 3.Nf3 Nf6 4.d4 cxd4 5.Nxd4 e6 6.g3 Be7 7.Bg2 O-O 8.O-O Nc6
9.Be3 Bd7 10.a4 Na5 11.Qe2 a6 12.Nb3 Nxb3 13.cxb3 e5 14.b4 h6 15.Rfc1 b5
16.axb5 axb5 17.Nxb5 Rxa1 18.Rxa1 Qb8 19.Nc3 Qxb4 20.Ra7 Re8 21.h3 Be6 22.Qb5 Qxb5
23.Nxb5 Rb8 24.Nc7 Bc4 25.Ra8 Rxa8 26.Nxa8 Bd3 27.b4 Nxe4 28.b5 d5 29.Nc7 d4
30.Bc1 Bc5 31.Bb2 f5 32.g4 g6 33.gxf5 gxf5 34.f4 Be2 35.Bc1 d3+ 36.Kh2 exf4
37.Bxe4 fxe4 38.Nd5 e3 39.Nxf4  0-1

[Event "15th Karpov GM 2014"]
[Site "Poikovsky RUS"]
[Date "2014.05.11"]
[Round "1.2"]
[White "Sutovsky,E"]
[Black "Motylev,A"]
[Result "1/2-1/2"]
[WhiteElo "2642"]
[BlackElo "2687"]

1.e4 c6 2.d4 d5 3.Nd2 dxe4 4.Nxe4 Bf5 5.Ng3 Bg6 6.Nf3 Nf6 7.Ne5 Nbd7 8.f4 e6
9.h4 Nxe5 10.fxe5 Ne4 11.Nxe4 Bxe4 12.c3 Qd5 13.Qb3 Bxg2 14.Qxb7 Rd8 15.Bxg2 Qxg2
16.Rf1 Qe4+ 17.Kd1 Qd3+ 18.Ke1 Qe4+ 19.Kd1 Qd3+ 20.Ke1 Qe4+  1/2-1/2